| 000 | 00514nam a2200169Ia 4500 | ||
|---|---|---|---|
| 999 |
_c36963 _d36963 |
||
| 003 | OSt | ||
| 005 | 20210121122238.0 | ||
| 008 | 190216s9999||||xx |||||||||||||| ||und|| | ||
| 040 | _coclc | ||
| 082 |
_a613.7046 _bDEB/B |
||
| 100 |
_aDebnath, Manika _98342 |
||
| 245 | 0 |
_aBasic Core Fitness Through Yoga And Naturopathy / _cManika Debnath |
|
| 260 |
_bSports Publication, _c2008. _aNew Delhi: |
||
| 300 | _a64p | ||
| 650 | _aReferences | ||
| 942 |
_cBK _2ddc _h613.7046 _iDEB/B _k613.7046 _mDEB/B |
||